Normal view
MARC view
- Ansari, Fahad
Entry Personal Name
001 - CONTROL NUMBER
- control field: 125076
003 - CONTROL NUMBER IDENTIFIER
- control field: NUST
005 - DATE AND TIME OF LATEST TRANSACTION
- control field: 20240809121916.0
008 - FIXED-LENGTH DATA ELEMENTS
- fixed length control field: 240809|| aca||aabn | a|a d
040 ## - CATALOGING SOURCE
- Original cataloging agency: NUST
- Transcribing agency: NUST
100 ## - HEADING--PERSONAL NAME
- Personal name: Ansari, Fahad
670 ## - SOURCE DATA FOUND
- Source citation: Work cat.: (NUST): Ansari, Fahad, Comparing the Effects of Individual and Team Participation in Gamified Lessons on Assessment Performance/
